| 000 | 00430nam a22001697a 4500 | ||
|---|---|---|---|
| 999 |
_c8919 _d8919 |
||
| 003 | OSt | ||
| 008 | 200714b ||||| |||| 00| 0 eng d | ||
| 020 | _a9789374736357 | ||
| 082 | _a615.19 PUP | ||
| 100 | _aPurkar , Sandeep | ||
| 245 | _aPharmaceutical Inorganic Chemistry | ||
| 250 | _a2018 | ||
| 260 |
_aNew Delhi _bAitbs Publication |
||
| 300 | _aPg-192 | ||
| 650 | _aPharmaceutical Inorganic Chemisty | ||
| 942 |
_2ddc _cBK _015 |
||